000 01432nam a2200349 c 4500
003 BLK
005 20231216103454.0
008 180412b bul|||||r ||||||| ||bul||
010 _aKNG00008937000
020 _a954-8009-54-4
_bиздат.: Гарант-21 - на том(ч. 1)
040 _aBLK
041 _aBUL
_cBUL
080 _aАмериканска литература (на САЩ)
_b821.111(73)
_x-312.4
_z821.111(73)-312.4
100 1 _aВан Лустбадер, Ерик
_eпърви автор
_9244416
700 1 _aЛаптев, Веселин
_eпрев. от англ.
_9242816
139 _aВан Лустбадер, Ерик
_bВ 20
245 1 0 _aНаследникът
_bРоман : Ч. 1 - 2
_cЕрик Ван Лустбадер; прев. от англ. Веселин Лаптев.
_nЧ. 1
257 _aUSA
260 София
_c1995
_fВраца : Полипринт
300 _c20 см
380 _aX
500 _aОриг. загл. Shan / Eric Van Lustbader. - 5 500 тир.
653 _aтрилъри
653 _aромани
760 1 _3- на том(ч. 1)
_aВан Лустбадер, Ерик
_dГарант-21, 1995
_h320 с.
_tЧ. 1
852 _aЦб 183838
856 4 _qpdf
_u
856 4 _qpdf
_u
942 _cKNG
_n0
_08
944 _aCR
_c15.01.2003
_lЦветомила Тодорова
_k30576
944 _aED
_c15.12.2017
_lф /
_kЛюдмила_Стоянова
999 _c7615
_d7615